| 000 | 01209cad a22001935a 4500 | ||
|---|---|---|---|
| 001 | L157688 | ||
| 008 | 130228s2013 xxk f 000 0 eng d | ||
| 035 | _a(Sirsi) u157688 | ||
| 041 | 0 | _aeng | |
| 110 | 2 |
_aUnited Kingdom _bDepartment for Environment, Food and Rural Affairs |
|
| 245 | 0 | 0 |
_aAPI _bIndex of the purchase prices of the means of agricultural production _bDecember 2012 _h[electronic resource] |
| 260 |
_aLondon _bDEFRA _c2013 |
||
| 520 | _aThe Agricultural Price Index (API) is a monthly publication that measures the monthly price changes in agricultural outputs and inputs for the UK. Information is collected for all major crops and on livestock and livestock products. The December price index for all agricultural outputs fell by 0.4% on November but this is 11.8% higher than the same time last year. The index for all agricultural inputs rose by 3.2% on the month and is 5.4% up on December 2012. | ||
| 590 | _aKA | ||
| 651 | 4 | _aUnited Kingdom | |
| 690 |
_aRural _96268 |
||
| 856 | 4 | 0 |
_uhttps://www.gov.uk/government/uploads/system/uploads/attachment_data/file/89349/defra-stats-foodfarm-farmgate-api-statsnotice-130214.pdf _zView the price index free of charge at www.gov.uk |
| 942 | _n0 | ||
| 999 |
_c114923 _d114923 |
||